ARRUPE JESUIT UNIVERSITY

CORONAVIRUS -STOP THE SPREAD - CLEAN,DISINFECT,COVER

Human Understanding (Record no. 39717)

MARC details
000 -LEADER
fixed length control field 00528nam a2200205Ia 4500
003 - CONTROL NUMBER IDENTIFIER
control field 0100
008 - FIXED-LENGTH DATA ELEMENTS--GENERAL INFORMATION
fixed length control field 130303s9999 xx 000 0 und d
040 ## - CATALOGING SOURCE
Transcribing agency ARRUPELIB
050 ## - LIBRARY OF CONGRESS CALL NUMBER
Classification number B1498.S4 1965
300 ## - PHYSICAL DESCRIPTION
Other physical details 116p. 22cm
245 ## - TITLE STATEMENT
Title Human Understanding
245 ## - TITLE STATEMENT
Remainder of title studies in the philosophy of David Hume
260 ## - PUBLICATION, DISTRIBUTION, ETC. (IMPRINT)
Place of publication, distribution, etc Belmont, California
260 ## - PUBLICATION, DISTRIBUTION, ETC. (IMPRINT)
Name of publisher, distributor, etc Wadsworth Publishing Company, INC
260 ## - PUBLICATION, DISTRIBUTION, ETC. (IMPRINT)
-- 1965
300 ## - PHYSICAL DESCRIPTION
Extent vii
650 ## - SUBJECT ADDED ENTRY--TOPICAL TERM
Topical term or geographic name as entry element PHILOSOPHY
700 ## - ADDED ENTRY--PERSONAL NAME
Personal name Sesonske, Alexander; Fleming; Noel
942 00 - ADDED ENTRY ELEMENTS (KOHA)
Koha issues (borrowed), all copies 1
Holdings
Withdrawn status Lost status Source of classification or shelving scheme Damaged status Not for loan Collection code Home library Current library Shelving location Date acquired Total Checkouts Full call number Barcode Date last seen Date checked out Copy number Price effective from Koha item type
    Library of Congress Classification     Main Collection ARRUPE LIBRARY ARRUPE LIBRARY   04/03/2013 6 B1498.S4 1965 46003088017 14/09/2016 07/09/2016 1 04/03/2013 Monograph ( Printed materials)

 

Arrupe Library. PO Box MP320 Mt Pleasant, Harare, Zimbabwe
263 242 745411|librarian@aju.ac.zw